TCP/IP illustrated. (Record no. 258)
[ view plain ]
| 000 -LEADER | |
|---|---|
| fixed length control field | 01138cam a2200349 a 4500 |
| 001 - CONTROL NUMBER | |
| control field | 4573149 |
| 005 - DATE AND TIME OF LATEST TRANSACTION | |
| control field | 20200421093824.0 |
| 008 - FIXED-LENGTH DATA ELEMENTS--GENERAL INFORMATION | |
| fixed length control field | 110805m20129999njua b 001 0 eng |
| 010 ## - LIBRARY OF CONGRESS CONTROL NUMBER | |
| LC control number | 2011029411 |
| 020 ## - INTERNATIONAL STANDARD BOOK NUMBER | |
| International Standard Book Number | 0321336313 (v. 1 : hbk.) |
| 020 ## - INTERNATIONAL STANDARD BOOK NUMBER | |
| International Standard Book Number | 9780321336316 (v. 1 : hbk.) |
| 035 ## - SYSTEM CONTROL NUMBER | |
| System control number | (OCoLC)ocn704384855 |
| 035 ## - SYSTEM CONTROL NUMBER | |
| System control number | (OCoLC)704384855 |
| 040 ## - CATALOGING SOURCE | |
| Original cataloging agency | DLC |
| Transcribing agency | DLC |
| Modifying agency | YDX |
| -- | BTCTA |
| -- | YDXCP |
| -- | OCLCO |
| 042 ## - AUTHENTICATION CODE | |
| Authentication code | pcc |
| 049 ## - LOCAL HOLDINGS (OCLC) | |
| Holding library | NLES |
| 050 00 - LIBRARY OF CONGRESS CALL NUMBER | |
| Classification number | TK5105.55 |
| Item number | .S74 2012 |
| 082 00 - DEWEY DECIMAL CLASSIFICATION NUMBER | |
| Classification number | 004.6/2 |
| Edition information | 23 |
| 100 1# - MAIN ENTRY--PERSONAL NAME | |
| Personal name | Fall, Kevin R. |
| 9 (RLIN) | 497 |
| 245 10 - TITLE STATEMENT | |
| Title | TCP/IP illustrated. |
| 250 ## - EDITION STATEMENT | |
| Edition statement | 2nd ed. / |
| Remainder of edition statement | Kevin R. Fall, W. Richard Stevens. |
| 260 ## - PUBLICATION, DISTRIBUTION, ETC. | |
| Place of publication, distribution, etc. | Upper Saddle River, NJ : |
| Name of publisher, distributor, etc. | Addison-Wesley, |
| Date of publication, distribution, etc. | c2012- |
| 300 ## - PHYSICAL DESCRIPTION | |
| Extent | v. : |
| Other physical details | ill. ; |
| Dimensions | 24 cm. |
| 490 1# - SERIES STATEMENT | |
| Series statement | Addison-Wesley professional computing series |
| 500 ## - GENERAL NOTE | |
| General note | Stevens' name appears first on the earlier edition. |
| 504 ## - BIBLIOGRAPHY, ETC. NOTE | |
| Bibliography, etc. note | Includes bibliographical references and index. |
| 505 1# - FORMATTED CONTENTS NOTE | |
| Formatted contents note | v. 1. The protocols. |
| 650 #0 - SUBJECT ADDED ENTRY--TOPICAL TERM | |
| Topical term or geographic name entry element | TCP/IP (Computer network protocol) |
| 9 (RLIN) | 498 |
| 700 1# - ADDED ENTRY--PERSONAL NAME | |
| Personal name | Stevens, W. Richard. |
| 830 #0 - SERIES ADDED ENTRY--UNIFORM TITLE | |
| Uniform title | Addison-Wesley professional computing series. |
| 942 ## - ADDED ENTRY ELEMENTS (KOHA) | |
| Source of classification or shelving scheme | Dewey Decimal Classification |
| Koha item type | Books |
| Withdrawn status | Lost status | Damaged status | Not for loan | Collection | Home library | Current library | Shelving location | Date acquired | Barcode | Date last seen | Price effective from | Koha item type |
|---|---|---|---|---|---|---|---|---|---|---|---|---|
| Reference | Midway | Midway | General stacks | 09/04/2014 | 39999000011258 | 09/04/2014 | 09/04/2014 | Books |